Book, Movie, Song: 'F' Words Quiz Stats

Quiz Updated Oct 19, 2015

Challenge
Share
Tweet
Embed
Score 0/24 Timer 04:00
6 Plays Today
% Correct
Fortunate, Fair, Fahrenheit
89%
Fanny, Free, Fern
86.8%
Faustus, Faster, Fought
86.3%
Floss, Flight, Full
86.1%
Fantastic, Funky, Fellowship
83%
Flesh, Fletch, Feeling
81.5%
Freddie's, Fury, Falling
78.9%
Fright, Fever, Fang
77.6%
Faces, Falcon, Fade
75.5%
Fire, Fauntleroy, Fisher
75.3%
Folk, Foul, Fine
75%
Freak, Four, Fred
74.8%
% Correct
Foreign, Family, Fahrenheit
74.2%
Female, Fly, Franny
70.9%
Finnegans, Flushed, Free
69.6%
Feeling, Fire, Future
67.7%
Feel, Foucault's, Funny
67.6%
Fast, Family, Face
64.8%
Furious, Frutti, Flanders
64.7%
Floating, Father, Freak
62.3%
Found, Forbidden, First
61.5%
Fireman's, Free, Federalist
61.5%
Flash, Friend, Fearless
57.2%
Feel, Fire, Family
53.5%

You're not logged in!

Compare scores with friends on all Sporcle quizzes.
Sign Up with Email
OR
Log In

You Might Also Like...

Show Comments

Extras

Top Quizzes Today


Score Distribution

Your Account Isn't Verified!

In order to create a playlist on Sporcle, you need to verify the email address you used during registration. Go to your Sporcle Settings to finish the process.